000 00459 a2200169 4500
005 20260313121939.0
008 260313b |||||||| |||| 00| 0 eng d
020 _a9788197729409
040 _cSDCL
041 _2eng
_aeng
084 _aY72.2'P R5
100 _aSingh, Shreya
_91131950
245 _aA Succinct about the :
_bSchedule Tribes of India
260 _aNew Delhi :
_bRESEARCH INDIA PRESS,
_c2025.
300 _axiv, 438p.
942 _cTEXL
_2CC
999 _c1532265
_d1532265